000 00557nam a2200205 a 4500
005 20140310183352.0
008 120911s19uu xx 00 eng d
020 _a9789381293942
050 _a TX 911
_b.C457 2012
100 _aChoudhary, Vikas
245 _aHospitality industry /
_cVikas Choudhary.
250 _a1st ed.
260 _aNew Delhi, India :
_bCentrum Press,
_c2012.
300 _a248 p. :
_c22 cm.
521 _aTOU
650 _aHospitality industry
650 _aHospitality management
942 _cBK
_2lcc
_kFOR
999 _c22122
_d22122